000
00299nam a22000977a 4500
082
_a
297.63
_b
FAU
_c
L-39,P-27
100
_a
Fauz Ur Rehman
_9
51083
245
_a
آنحضرت صلی اللہ علیہ وسلم پحثیت سپہ سالار
526
_a
0
_b
1
_c
0
_d
297_630000000000000_FAU
942
_2
ddc
_c
BK
999
_c
553832
_d
553832